000 00619cam a22002293a 4500
001 27217
003 PGUSA
005 20140828083604.0
008 081109s2008||||xxu|||||s|||||000 | eng d
040 _aPGUSA
_beng
042 _adc
050 4 _aPL
100 1 _aZhu, Mingshi,
_d1260-1340
245 1 0 _a牛郎織女傳
_h[electronic resource] /
_cMingshi Zhu
260 _bProject Gutenberg,
_c2008
506 _aPublic domain in the USA.
516 _aElectronic text
740 0 _aNiu lang zhi nü zhuan
830 0 _aProject Gutenberg
_v27217
856 4 0 _uhttp://www.gutenberg.org/ebooks/27217
942 _cEB
999 _c256472
_d256472